Wiadomości statystyczne

Enregistré dans:
Détails bibliographiques
Format: Publication en série
Langue:polonais
Publié: Warszawa Glówny urzad statystyczny 2009
Sujets:
Tags: Ajouter un tag
Pas de tags, Soyez le premier à ajouter un tag!

MARC

LEADER 00000nas2a2200000 4500
001 0165196
005 20130206095131.8
022 |a 0043-518X 
041 0 |a pol 
044 |a PL 
245 1 0 |a Wiadomości statystyczne 
264 1 |a Warszawa  |b Glówny urzad statystyczny  |c 2009 
773 0 |w eu_un_cat*s120290 
610 2 0 |a štatistika 
610 2 0 |a informácie štatistické